| 000 | 01193nam a2200277 i 4500 | ||
|---|---|---|---|
| 001 | bg | ||
| 245 | 0 | 0 |
_aKryteria wykonania i badania pokryw oraz zwieńczeń studni kanalizacji kablowej z betonu zbrojonego / _c[zespół aut. Michał A. Glinicki et al.]. |
| 260 |
_aWarszawa : _bInstytut Badawczy Dróg i Mostów. Branżowy Ośrodek Informacji Naukowej, Technicznej i Ekonomicznej Drogownictwa, _c2010. |
||
| 300 |
_a43, [5] s. : _bil. (w tym kolor.) ; _c24 cm. |
||
| 490 | 1 |
_aInformacje, Instrukcje - Instytut Badawczy Dróg i Mostów. Branżowy Ośrodek Informacji Naukowej, Technicznej i Ekonomicznej Drogownictwa, _x1231-0638 ; _vz. 82. |
|
| 504 | _aBibliogr. s. 43. | ||
| 650 | 4 |
_aBeton _xwyroby _xnormalizacja |
|
| 650 | 4 | _aKable telekomunikacyjne | |
| 650 | 4 |
_aKanalizacja _xbudowa i konstrukcje _xnormalizacja |
|
| 650 | 4 |
_aPrefabrykaty _xnormalizacja |
|
| 700 | 1 | _aGlinicki, Michał Antoni. | |
| 830 | 0 |
_aInformacje, Instrukcje / Instytut Badawczy Dróg i Mostów, _x1231-0638 ; _vz. 82. |
|
| 040 | _cBPK | ||
| 041 | _apol | ||
| 044 | _aPOL | ||
| 080 | _a624.012.4 | ||
| 080 | _a625.78 | ||
| 080 | _a666.97/.98 | ||
| 942 | _cKS | ||
| 008 | 110209s2010 pl a |000 0 pol | ||
| 999 |
_c49692 _d49692 |
||
| 856 |
_uhttp://koha.tu.koszalin.pl/cgi-bin/koha/opac-detail.pl?biblionumber=49692 _yKatalog online BPK |
||